[Event "GER-ch U12 Girls"]
[Site "Willingen"]
[Date "2016.05.16"]
[Round "3"]
[White "Delgado, Celina"]
[Black "Wucherer, Sophie"]
[Result "1-0"]
[WhiteElo "1346"]
[BlackElo "1171"]
[PlyCount "125"]
[EventDate "2016.05.15"]
[EventType "swiss"]
[EventRounds "11"]
[EventCountry "GER"]
[SourceTitle "CBM 172 Extra"]
[Source "ChessBase"]
[SourceDate "2016.06.21"]
[SourceVersion "1"]
[SourceVersionDate "2016.06.21"]
[SourceQuality "1"]

1. e4 d5 2. exd5 Qxd5 3. Nc3 Qa5 4. d4 c6 5. Nf3 Nf6 6. Bd2 Qc7 7. Bc4 Bf5 8. Qe2 e6 9. 0-0-0 Bb4 10. a3 Ba5 11. Rhe1 Nbd7 12. h3 Nb6 13. Bb3 0-0 14. g4 Bg6 15. Ne5 Rae8 16. h4 h6 17. f4 Nbd5 18. Nxd5 Bxd2+ 19. Qxd2 Nxd5 20. g5 Bh5 21. Qf2 Bxd1 22. Rxd1 h5 23. Bxd5 cxd5 24. f5 g6 25. fxg6 fxg6 26. Qe2 Kh7 27. Rf1 a6 28. Qd3 Rxf1+ 29. Qxf1 Qg7 30. Qd3 Rf8 31. Qe3 Rf5 32. Qg3 Qc7 33. Qe3 Qa5 34. c3 Qa4 35. Qe2 Rf4 36. Nf3 Qe8 37. Ne5 Rxh4 38. Qf2 Re4 39. Qf6 Qg8 40. Qe7+ Qg7 41. Qxe6 Qf8 42. Qd7+ Kg8 43. Qxd5+ Kg7 44. Qxe4 Qf1+ 45. Kd2 Qf5 46. Qxb7+ Kg8 47. Qd5+ Kg7 48. Qd7+ Kf8 49. Qxf5+ gxf5 50. Ke3 h4 51. Kf3 Kg7 52. c4 Kf8 53. Kg2 f4 54. Kh3 Ke7 55. Kxh4 a5 56. g6 Kf8 57. c5 a4 58. c6 f3 59. Nxf3 Kg7 60. c7 Kf8 61. c8Q+ Kg7 62. Qe6 Kf8 63. Qf7# 1-0

[Event "GER-ch U12 Girls"]
[Site "Willingen"]
[Date "2016.05.15"]
[Round "1"]
[White "Zell, Hannah"]
[Black "Wucherer, Sophie"]
[Result "0-1"]
[WhiteElo "1396"]
[BlackElo "1171"]
[PlyCount "136"]
[EventDate "2016.05.15"]
[EventType "swiss"]
[EventRounds "11"]
[EventCountry "GER"]
[SourceTitle "CBM 172 Extra"]
[Source "ChessBase"]
[SourceDate "2016.06.21"]
[SourceVersion "1"]
[SourceVersionDate "2016.06.21"]
[SourceQuality "1"]

1. e4 d5 2. exd5 Qxd5 3. Nc3 Qa5 4. d4 c6 5. h3 Nf6 6. Bd3 g6 7. Nf3 Bg7 8. Bd2 Qb6 9. Na4 Qc7 10. 0-0 0-0 11. Re1 Be6 12. Nc5 Bd5 13. c3 Re8 14. Ne4 Nxe4 15. Bxe4 Bxe4 16. Rxe4 e6 17. Bf4 Qb6 18. Qb3 Nd7 19. Ne5 Qxb3 20. axb3 Nxe5 21. Bxe5 f6 22. Bf4 f5 23. Re2 Kf7 24. Be5 Bxe5 25. Rxe5 Kf6 26. Re2 Re7 27. Kf1 e5 28. Rae1 Rae8 29. dxe5+ Rxe5 30. Rxe5 Rxe5 31. Rxe5 Kxe5 32. Ke2 g5 33. Ke3 h5 34. f3 c5 35. g3 a5 36. f4+ gxf4+ 37. gxf4+ Kd5 38. Kd3 h4 39. c4+ Kc6 40. Kc3 b5 41. Kd3 Kb6 42. Kc3 bxc4 43. bxc4 a4 44. Kc2 Ka5 45. b3 Kb4 46. bxa4 Kxa4 47. Kc3 Ka3 48. Kc2 Kb4 49. Kd3 Kb3 50. Kd2 Kxc4 51. Ke3 Kc3 52. Ke2 Kd4 53. Kd2 c4 54. Kd1 Kd3 55. Kc1 Ke3 56. Kc2 Kxf4 57. Kc3 Ke3 58. Kxc4 f4 59. Kd5 Ke2 60. Ke4 f3 61. Kf4 f2 62. Kg4 f1Q 63. Kxh4 Qg2 64. Kh5 Kf3 65. h4 Kf4 66. Kh6 Kf5 67. Kh7 Kf6 68. h5 Qg7# 0-1

[Event "Mecklenburg VP U12 Girls"]
[Site "Malchow"]
[Date "2016.02.02"]
[Round "6.3"]
[White "Avetyan, Manan"]
[Black "Wucherer, Sophie"]
[Result "0-1"]
[WhiteElo "876"]
[BlackElo "1126"]
[PlyCount "46"]
[EventDate "2016.02.02"]
[EventType "tourn"]
[EventRounds "7"]
[EventCountry "GER"]
[SourceTitle "EXT 2024"]
[Source "ChessBase"]
[SourceDate "2023.10.10"]
[SourceVersion "1"]
[SourceVersionDate "2023.10.10"]
[SourceQuality "1"]

1. e4 e6 2. d4 d5 3. exd5 exd5 4. Nf3 Nf6 5. Nc3 Be7 6. Be2 c6 7. Be3 Bf5 8. 0-0 Nbd7 9. Ne5 Qc7 10. Bg4 Nxg4 11. Nxg4 Nf6 12. Nxf6+ Bxf6 13. Qe2 0-0 14. Rac1 Rfe8 15. Qf3 Bg6 16. Bf4 Qb6 17. Be5 Bxe5 18. dxe5 Rxe5 19. Rfe1 Rae8 20. Re2 Rxe2 21. Nxe2 Qxb2 22. Qg4 Qxc1+ 23. Nxc1 Re1# 0-1

[Event "Mecklenburg VP-ch U12 Girls"]
[Site "Malchow"]
[Date "2015.02.04"]
[Round "7.2"]
[White "Wucherer, Sophie"]
[Black "Mueller, Sophie Charlotte"]
[Result "1-0"]
[WhiteElo "1004"]
[BlackElo "795"]
[PlyCount "71"]
[EventDate "2015.01.31"]
[EventType "tourn"]
[EventRounds "7"]
[EventCountry "GER"]
[SourceTitle "EXT 2022"]
[Source "ChessBase"]
[SourceDate "2021.10.06"]
[SourceVersion "1"]
[SourceVersionDate "2021.10.06"]
[SourceQuality "1"]

1. d4 d5 2. Bf4 Nc6 3. c3 Nf6 4. e3 Bf5 5. Nf3 e6 6. Nh4 Ne7 7. Nxf5 Nxf5 8. Bd3 Nh4 9. 0-0 Ne4 10. g3 Ng6 11. Qc2 f5 12. Nd2 Ng5 13. c4 Qd7 14. cxd5 Be7 15. dxe6 Qxe6 16. Bxf5 Qd5 17. Bxg5 Bxg5 18. Be4 Qd6 19. Bxb7 Rb8 20. Bc6+ Kd8 21. Ne4 Qe7 22. Nxg5 Qxg5 23. b3 h5 24. Be4 Nf8 25. Rac1 Ne6 26. Qc6 Qf6 27. Rc3 Rb6 28. Qa8+ Ke7 29. Qxh8 a5 30. Bd5 Kd7 31. Bxe6+ Qxe6 32. Qxg7+ Kd6 33. Qxc7+ Kd5 34. Qc5+ Ke4 35. Qxh5 Ra6 36. f3# 1-0

[Event "Mecklenburg VP-ch U12 Girls"]
[Site "Malchow"]
[Date "2015.02.03"]
[Round "5.3"]
[White "Wucherer, Sophie"]
[Black "Naujok, Merle"]
[Result "1-0"]
[WhiteElo "1004"]
[BlackElo "910"]
[PlyCount "81"]
[EventDate "2015.01.31"]
[EventType "tourn"]
[EventRounds "7"]
[EventCountry "GER"]
[SourceTitle "EXT 2022"]
[Source "ChessBase"]
[SourceDate "2021.10.06"]
[SourceVersion "1"]
[SourceVersionDate "2021.10.06"]
[SourceQuality "1"]

1. d4 d5 2. Bf4 g6 3. e3 Bg7 4. c3 Nf6 5. Bd3 0-0 6. Nf3 c6 7. Qc2 Nbd7 8. Nbd2 a6 9. 0-0 b5 10. b3 c5 11. c4 Rb8 12. Bxb8 Nxb8 13. cxb5 axb5 14. Bxb5 cxd4 15. Nxd4 Qd6 16. N2f3 Nbd7 17. Bxd7 Bxd7 18. Rac1 e5 19. Ne2 e4 20. Nfd4 Ng4 21. Ng3 f5 22. f3 exf3 23. gxf3 Nxe3 24. Qd2 Nxf1 25. Kxf1 f4 26. Nge2 Bh3+ 27. Kg1 Be5 28. Rc6 Qd8 29. Ne6 Bxe6 30. Rxe6 Qg5+ 31. Kf1 Qh5 32. Qxd5 Bg7 33. Re5+ Kh8 34. Rxh5 gxh5 35. a4 h4 36. a5 Bh6 37. a6 h3 38. a7 Bg7 39. a8Q Rxa8 40. Qxa8+ Bf8 41. Qxf8# 1-0